ՀՀ Գիտությունների ազգային ակադեմիայի հիմնարար գիտական գրադարան  =   Fundamental Scientific Library of NAS RA

Справочник энергетика угольной шахты / (Record no. 420931)

MARC details
000 -LEADER
fixed length control field 00822nam a22002057a 4500
003 - CONTROL NUMBER IDENTIFIER
control field AM-YeHGA
005 - DATE AND TIME OF LATEST TRANSACTION
control field 20250617154831.0
008 - FIXED-LENGTH DATA ELEMENTS--GENERAL INFORMATION
fixed length control field 190116s ||||| |||| 00| 0 rus d
040 ## - CATALOGING SOURCE
Original cataloging agency AM-YeHGA
041 0# - LANGUAGE CODE
Language code of text/sound track or separate title rus
090 ## - LOCALLY ASSIGNED LC-TYPE CALL NUMBER (OCLC); LOCAL CALL NUMBER (RLIN)
-- 423331
100 1# - MAIN ENTRY--PERSONAL NAME
Personal name Светличный, Павел Лукьянович
245 10 - TITLE STATEMENT
Title Справочник энергетика угольной шахты /
Statement of responsibility, etc. П.Л. Светличный.
260 ## - PUBLICATION, DISTRIBUTION, ETC.
Place of publication, distribution, etc. Москва :
Name of publisher, distributor, etc. Углетехиздат,
Date of publication, distribution, etc. 1958 -
300 ## - PHYSICAL DESCRIPTION
Extent часть
505 10 - FORMATTED CONTENTS NOTE
Miscellaneous information Ч. 1 (1958, 564 с.: [4] л. схем. : черт.)
-- Ч. 2 (1958, 615 с. : черт.)
653 0# - INDEX TERM--UNCONTROLLED
Uncontrolled term Горная электротехника - Справочники
653 0# - INDEX TERM--UNCONTROLLED
Uncontrolled term Рудничное электрооборудование - Справочники
942 ## - ADDED ENTRY ELEMENTS (KOHA)
Source of classification or shelving scheme Universal Decimal Classification
Koha item type Գրքեր / Books
Holdings
Withdrawn status Lost status Source of classification or shelving scheme Damaged status Not for loan Collection Home library Current library Date acquired Serial enumeration / chronology Total checkouts Full call number Barcode Date last seen Price effective from Koha item type Public note
    Universal Decimal Classification     General Fundamental Scientific Library Fundamental Scientific Library 16/01/2019 Ч. 1   РД II/32655 FL0543374 16/01/2019 16/01/2019 Գրքեր / Books 30 Days Loan
    Universal Decimal Classification     General Fundamental Scientific Library Fundamental Scientific Library 16/01/2019 Ч. 2   РД II/32656 FL0543373 16/01/2019 16/01/2019 Գրքեր / Books 30 Days Loan


ՀՀ ԳԱԱ հիմնարար գիտական գրադարան
ՀՀ,Երևան 0019
Մարշալ Բաղրամյան 24/6
հեռախոս:(374-10) 52-47-50
Հետադարձ կապ

All site content, except where otherwise noted, is licensed under a
Creative Commons License